|
|
|
|
| LEADER |
00000nam0a2200000 4500 |
| 001 |
119712 |
| 005 |
20231101215545.0 |
| 010 |
|
|
|a 5217008784
|
| 035 |
|
|
|a (RuTPU)RU\TPU\book\129605
|
| 090 |
|
|
|a 119712
|
| 100 |
|
|
|a 20070730d1990 km y0rusy50 ca
|
| 101 |
0 |
|
|a rus
|
| 102 |
|
|
|a RU
|
| 105 |
|
|
|a a z 001zy
|
| 200 |
1 |
|
|a Модели и методы оптимизации параметрических рядов машин
|f В. С. Антипенко, Г. Б. Кац, В. А. Петрушов
|
| 210 |
|
|
|a Москва
|c Машиностроение
|d 1990
|
| 215 |
|
|
|a 176 с.
|c ил.
|
| 320 |
|
|
|a Библиогр.: с. 172-174.
|
| 606 |
|
|
|a Машиностроение
|x Техническая документация
|x Технологическая документация
|2 stltpush
|3 (RuTPU)RU\TPU\subj\41473
|9 61263
|
| 610 |
1 |
|
|a машины
|
| 610 |
1 |
|
|a разработка
|
| 610 |
1 |
|
|a производство
|
| 610 |
1 |
|
|a эксплуатация
|
| 610 |
1 |
|
|a математические модели
|
| 675 |
|
|
|a 621.002:658.516
|v 3
|
| 700 |
|
1 |
|a Антипенко
|b В. С.
|g Виталий Сафронович
|
| 701 |
|
1 |
|a Кац
|b Г. Б.
|g Григорий Борисович
|
| 701 |
|
1 |
|a Петрушов
|b В. А.
|g Владимир Алексеевич
|
| 801 |
|
1 |
|a RU
|b 63413507
|c 20070730
|g PSBO
|
| 801 |
|
2 |
|a RU
|b 63413507
|c 20171113
|g PSBO
|
| 942 |
|
|
|c BK
|